000
00293 a2200145 4500
001
174317
020
_a
040
_c
Magnum
100
_a
Romanelli, Liliane Izapovitz
240
1
0
_a
Catando feijao
_l
por
245
1
0
_a
Catando feijao
362
0
_a
1899
697
_a
I/GERAL
942
_c
BK
999
_c
174317
_d
174317